Statistics for 50 Most Valuable Bundesliga Players

Click here to take the quiz!

General Stats

  • This quiz has been taken 353 times
    (249 since last reset)
  • The average score is 31 of 50

Answer Stats

RankValue (€)TeamNationPlayer% Correct
1€150MBorussia DortmundNorwayErling Haaland
100%
3€70MBorussia DortmundEnglandJude Bellingham
96%
4€70MBayern MunichCanadaAlphonso Davies
95%
10€60MBayern MunichPolandRobert Lewandowski
94%
2€90MBayern MunichGermanyJoshua Kimmich
93%
6€70MBayern MunichGermanyLeon Goretzka
90%
9€60MBayern MunichGermanyLeroy Sane
89%
5€70MBayern MunichGermanySerge Gnabry
88%
11€55MBayern MunichFranceKingsley Coman
86%
14€47MRB LeipzigFranceChristopher Nkunku
83%
13€50MRB LeipzigSpainDani Olmo
83%
7€65MBayer LeverkusenGermanyFlorian Wirtz
83%
21€35MBayern MunichFranceBenjamin Pavard
81%
28€30MBayern MunichGermanyThomas Muller
81%
15€45MBayern MunichFranceLucas Hernandez
80%
8€60MBayern MunichFranceDayot Upamecano
78%
16€42MBorussia DortmundUnited StatesGiovanni Reyna
78%
12€50MBayern MunichGermanyJamal Musiala
75%
24€32MBayern MunichAustriaMarcel Sabitzer
73%
33€28MBayer LeverkusenCzech RepublicPatrik Schick
73%
20€40MBorussia DortmundPortugalRaphael Guerreiro
73%
26€30MBorussia DortmundSwitzerlandManuel Akanji
72%
17€42MBayer LeverkusenFranceMoussa Diaby
71%
19€40MRB LeipzigPortugalAndre Silva
70%
25€30MBorussia DortmundNetherlandsDonyell Malen
69%
31€28MBorussia MonchengladbachFranceMarcus Thuram
68%
23€35MBayern MunichGermanyNiklas Sule
67%
22€35MRB LeipzigSpainAngelino
64%
18€40MBayer LeverkusenBurkina FasoEdmond Tapsoba
63%
50€23MTSG HoffenheimCroatiaAndrej Kramaric
61%
38€27MBorussia DortmundBelgiumThorgan Hazard
56%
27€30MVFL WolfsburgNetherlandsWout Weghorst
53%
39€26MRB LeipzigAustriaKonrad Laimer
50%
44€25MEintracht FrankfurtJapanDaichi Kamada
49%
43€25MRB LeipzigHungaryDominik Szoboszlai
47%
37€27MBorussia MonchengladbachGermanyMatthias Ginter
41%
30€28MEintracht FrankfurtFranceEvan N'Dicka
40%
35€27MVFL WolfsburgAustriaXaver Schlager
40%
47€25MBorussia MonchengladbachSwitzerlandNico Elvedi
39%
32€28MBorussia MonchengladbachGermanyFlorian Neuhaus
38%
29€28MVFL WolfsburgFranceMaxence Lacroix
38%
48€24MRB LeipzigMaliAmadou Haidara
34%
36€27MRB LeipzigGermanyLukas Klostermann
32%
40€26MBorussia DortmundGermanyEmre Can
30%
45€25MRB LeipzigFranceNordi Mukiele
30%
34€27MBorussia MonchengladbachSwitzerlandDenis Zakaria
29%
46€25MVFL WolfsburgGermanyRidle Baku
19%
42€25MVFB StuttgartDR CongoSilas Katompa Mvumpa
19%
49€23MBayer LeverkusenIvory CoastOdilon Kossounou
13%
41€25MRB LeipzigSpainIlaix Moriba
7%

Score Distribution

Percentile by Number Answered

Percent of People with Each Score

Your Score History

You have not taken this quiz since the last reset